[Event "Aeroflot Open B 2017"]
[Site "Moscow RUS"]
[Date "2017.02.24"]
[Round "4.41"]
[White "Gharibyan, Mamikon"]
[Black "Badmatsyrenov, Oleg"]
[Result "1-0"]
[WhiteTitle "CM"]
[BlackTitle "IM"]
[WhiteElo "2280"]
[BlackElo "2456"]
[WhiteFideId "13308300"]
[BlackFideId "24115762"]
[EventDate "2017.02.21"]

1. d4 g6 2. c4 Bg7 3. Nc3 c5 4. d5 d6 5. e4 e6 6. Bd3 Nf6 7. Nf3 exd5 8. exd5
O-O 9. h3 Re8+ 10. Be3 Nfd7 11. O-O Ne5 12. Nxe5 Bxe5 13. Qd2 Nd7 14. Rae1 Bg7
15. Bg5 f6 16. Rxe8+ Qxe8 17. Re1 Ne5 18. Bh4 Qd8 19. Be2 g5 20. Bg3 f5 21. f4
gxf4 22. Qxf4 Bd7 23. Rf1 a6 24. Nd1 Qf6 25. Nf2 Bh6 26. Ng4 Nxg4 27. Qxg4+ Kh8
28. Qh5 Rg8 29. Bh4 Qg7 30. Bf3 Be3+ 31. Kh1 Bd4 32. Re1 Be5 33. b3 b5 34. Bf2
Qf6 35. Qh4 Qxh4 36. Bxh4 Kg7 37. Bf2 Kf6 38. b4 cxb4 39. c5 a5 40. Bh4+ Kg6 41.
c6 Bc8 42. Rxe5 dxe5 43. d6 Be6 44. d7 e4 45. Bd1 a4 46. d8=Q Rxd8 47. Bxd8 b3
48. axb3 a3 49. Ba5 a2 50. Bc3 b4 51. Bd4 Kf7 52. Kg1 Ke7 53. Kf2 f4 54. g3
fxg3+ 55. Kxg3 Kd6 56. h4 Kxc6 57. Kf4 Kd5 58. Ke3 Bh3 59. Bh5 Bg2 60. Bf7+ Kd6
61. Bc4 h6 62. Kd2 Bf3 63. Ke3 Bg2 64. Kf4 Bf3 65. Bg8 Bg2 66. Bb2 Bf3 67. Bf7
Bg2 68. Ke3 Kc5 69. Bg7 Kd6 70. Kd2 Bf3 71. Bd4 Bg4 72. Bc4 Bf3 73. Kc1 e3 74.
Kb2 e2 75. Bf2 Ke5 76. Kxa2 Kf4 77. Kb2 Bg4 78. Be1 Kf3 79. Kc1 Kg2 80. Bxb4 Kf2
81. Bc5+ Kg3 82. Kd2 Kxh4 83. Bxe2 Bc8 84. Ke3 Kg5 85. Be7+ Kf5 86. b4 Ke5 87.
Bf8 1-0

[Event "Aeroflot Open B 2017"]
[Site "Moscow RUS"]
[Date "2017.02.24"]
[Round "4.42"]
[White "Davtyan, Artur"]
[Black "Faizrakhmanov, Ramil"]
[Result "1-0"]
[WhiteTitle "FM"]
[BlackTitle "FM"]
[WhiteElo "2275"]
[BlackElo "2432"]
[WhiteFideId "13308327"]
[BlackFideId "24103209"]
[EventDate "2017.02.21"]

1. d4 Nf6 2. c4 e6 3. g3 Bb4+ 4. Bd2 a5 5. Bg2 O-O 6. e4 d6 7. Ne2 e5 8. O-O c6
9. h3 Re8 10. Qc2 Bxd2 11. Nxd2 exd4 12. Nxd4 Qb6 13. N4f3 Na6 14. Rad1 Be6 15.
Rfe1 Nb4 16. Qb1 a4 17. a3 Na6 18. Qc2 Nc5 19. Nd4 Rad8 20. Qc3 Bc8 21. Kh2 Re7
22. Re3 Rde8 23. Rde1 h5 24. Kg1 Ne6 25. Nf5 Rd7 26. e5 dxe5 27. Rxe5 Red8 28.
c5 Qc7 29. Nc4 Rd1 30. Nfd6 Nd5 31. Bxd5 Rxd5 32. Nxc8 Rxe5 33. Qxe5 Rxc8 34.
Nb6 Qxe5 35. Rxe5 Rd8 36. Nxa4 h4 37. gxh4 Rd4 38. Nb6 Rxh4 39. Kh2 g5 40. Nc8
g4 41. Kg3 Rxh3+ 42. Kxg4 Rb3 43. f4 Rxb2 44. f5 Nd4 45. Nd6 b5 46. cxb6 Rxb6
47. Re8+ Kg7 48. Re7 c5 49. Rxf7+ Kg8 50. Rd7 Nc6 51. Kf4 c4 52. Nxc4 Ra6 53.
Rc7 Kf8 54. Kg5 Ne7 55. Rb7 Nd5 56. Rb5 Nc3 57. Rb8+ Ke7 58. Rb7+ Kf8 59. Rb6
Ra8 60. f6 Nd5 61. Rd6 Nc7 62. Kg6 Ne8 63. Rc6 Ra7 64. Ne5 Rb7 65. a4 Ra7 66. a5
Rb7 67. a6 Ra7 68. Rc8 Rh7 69. Rxe8+ 1-0

[Event "Aeroflot Open B 2017"]
[Site "Moscow RUS"]
[Date "2017.02.24"]
[Round "4.44"]
[White "Mammadova, Gulnar"]
[Black "Khalafova, Narmin"]
[Result "0-1"]
[WhiteTitle "IM"]
[BlackTitle "WIM"]
[WhiteElo "2401"]
[BlackElo "2250"]
[WhiteFideId "13403508"]
[BlackFideId "13402625"]
[EventDate "2017.02.21"]

1. e4 c5 2. Nc3 Nc6 3. g3 g6 4. Bg2 Bg7 5. d3 d6 6. Be3 e5 7. Qd2 Nge7 8. Nf3
Nd4 9. O-O O-O 10. Nh4 Be6 11. f4 exf4 12. Bxf4 Qd7 13. Nd1 Rad8 14. c3 Ndc6 15.
Bh6 d5 16. Bxg7 Kxg7 17. Nf2 b6 18. exd5 Nxd5 19. Rae1 f5 20. Nf3 Bg8 21. Ne5
Nxe5 22. Rxe5 Rfe8 23. Rfe1 Nf6 24. b3 Rxe5 25. Rxe5 Re8 26. Qe2 Bf7 27. Rxe8
Qxe8 28. Qxe8 Nxe8 29. Kf1 Nc7 30. Ke2 Kf6 31. Kd2 Ke5 32. d4+ cxd4 33. Nd3+ Kd6
34. cxd4 Nb5 35. Ke3 Nc3 36. Nc1 g5 37. h4 h6 38. hxg5 hxg5 39. Kd2 Nd5 40. Nd3
Nf6 41. Nf2 g4 42. Ke3 Nh5 43. Nd3 Nxg3 44. Kf4 Ne2+ 45. Kxf5 Be6+ 46. Kg5 Nxd4
47. Nf2 Ne2 48. Nxg4 Nc1 49. a3 Bxg4 50. Kxg4 Nxb3 51. Kf4 Kc5 52. Ke3 Kc4 53.
Bf1+ Kc3 54. a4 Kb4 55. Kd3 Nc5+ 56. Kc2 Nxa4 57. Bg2 Nc5 58. Kb2 Nd3+ 59. Ka2
Kc3 60. Ka3 b5 61. Bd5 Ne1 62. Be6 Nc2+ 63. Ka2 Nd4 64. Bf7 b4 65. Bd5 Ne2 66.
Be6 Nc1+ 67. Kb1 Nb3 68. Ka2 Nc5 69. Bf7 Kc2 70. Bb3+ Kc3 71. Bf7 a5 72. Bd5 Kc2
73. Bf7 Kc1 74. Bd5 a4 75. Bf7 b3+ 76. Ka3 b2 0-1

[Event "Aeroflot Open B 2017"]
[Site "Moscow RUS"]
[Date "2017.02.24"]
[Round "4.46"]
[White "Paramzina, Anastasya"]
[Black "Arabidze, Meri"]
[Result "1/2-1/2"]
[WhiteTitle "WFM"]
[BlackTitle "IM"]
[WhiteElo "2220"]
[BlackElo "2383"]
[WhiteFideId "4165012"]
[BlackFideId "13604040"]
[EventDate "2017.02.21"]

1. e4 c5 2. Nf3 e6 3. d4 cxd4 4. Nxd4 Nc6 5. Nc3 a6 6. Be2 Qc7 7. O-O Nf6 8. Be3
Be7 9. a4 Na5 10. Qd3 O-O 11. f4 d6 12. Rad1 Bd7 13. Kh1 Rac8 14. Bc1 Nc6 15.
Nxc6 Bxc6 16. b3 d5 17. e5 Nd7 18. Qh3 g6 19. Bg4 Nc5 20. Ne2 Bd7 21. Ba3 Rfe8
22. Nc3 Ne4 23. Nxe4 dxe4 24. Bxe7 Rxe7 25. Qh4 Ree8 26. Rfe1 Bc6 27. Re3 Qe7
28. Qxe7 Rxe7 29. Kg1 b5 30. a5 Rec7 31. Rd6 Bd5 32. Bd1 Rc6 33. Rxc6 Rxc6 34.
c3 f5 35. Kf2 1/2-1/2

[Event "Aeroflot Open B 2017"]
[Site "Moscow RUS"]
[Date "2017.02.24"]
[Round "4.47"]
[White "Alikulov, Elbek"]
[Black "Basencyan, Mark"]
[Result "1/2-1/2"]
[WhiteTitle "IM"]
[WhiteElo "2371"]
[BlackElo "2191"]
[WhiteFideId "14203308"]
[BlackFideId "13300725"]
[EventDate "2017.02.21"]

1. e4 e5 2. Nf3 Nc6 3. Bb5 a6 4. Ba4 Nf6 5. O-O Be7 6. Re1 b5 7. Bb3 d6 8. c3
O-O 9. h3 Na5 10. Bc2 c5 11. d4 Qc7 12. Nbd2 cxd4 13. cxd4 Nc6 14. Nb3 a5 15.
Be3 a4 16. Nbd2 Nb4 17. Bb1 Bd7 18. a3 Nc6 19. Ba2 Qb8 20. Rc1 Rc8 21. Qe2 Nd8
22. Nf1 Rxc1 23. Rxc1 Be6 24. d5 Bd7 25. Bd2 Nb7 26. Ng3 Bd8 27. Ne1 Nc5 28. Nc2
Be7 29. Nb4 Bf8 30. Rf1 Qb6 31. Kh1 Na6 32. Nxa6 Qxa6 33. Bb1 Qc8 34. Rc1 Qb7
35. Bd3 Ne8 36. Rf1 Rc8 37. f4 Rc7 38. Ba5 Rc8 39. Bb4 Qb6 40. Qf3 f6 41. Nf5 g6
42. fxe5 dxe5 43. Ne7+ Bxe7 44. Bxe7 Qd4 45. Kh2 Qb6 46. Bxf6 Nxf6 47. Qxf6 Qxf6
48. Rxf6 Rb8 49. Ra6 Kf8 50. Be2 Rc8 51. Bd3 Rb8 52. Be2 Rc8 53. Ra7 Rc2 54. Bd1
Rd2 55. Rxd7 Rxd1 56. Rb7 Rd4 57. Rxb5 Rxe4 58. Kg3 Ke7 59. Rb7+ Kf6 60. Rxh7
Re3+ 61. Kg4 Re2 62. d6 Rxg2+ 63. Kf3 Rxb2 64. d7 Rd2 65. Ke3 Rd6 66. Rh4 Rxd7
67. Rxa4 Rh7 68. h4 Kf5 69. Rb4 Rc7 70. a4 Rc3+ 71. Kd2 Ra3 72. Ke2 e4 73. Rb5+
Kf4 74. Rg5 Rxa4 75. Rxg6 Ra2+ 76. Ke1 Rh2 77. Rh6 Kf3 78. Rf6+ Ke3 79. Kf1 Rxh4
80. Re6 Kf3 81. Rf6+ Ke3 82. Ra6 Rf4+ 83. Ke1 Kf3 84. Ra3+ e3 85. Ra8 Rb4 86.
Rf8+ Rf4 87. Rxf4+ Kxf4 1/2-1/2

[Event "Aeroflot Open B 2017"]
[Site "Moscow RUS"]
[Date "2017.02.24"]
[Round "4.48"]
[White "Assaubayeva, Bibisara"]
[Black "Savenkov, Konstantin"]
[Result "0-1"]
[WhiteTitle "WFM"]
[BlackTitle "FM"]
[WhiteElo "2177"]
[BlackElo "2365"]
[WhiteFideId "13708694"]
[BlackFideId "4138600"]
[EventDate "2017.02.21"]

1. e4 e5 2. Nf3 Nc6 3. Bb5 a6 4. Ba4 d6 5. c3 Bd7 6. d4 Nge7 7. Be3 Ng6 8. h4
Be7 9. h5 Nf4 10. Bxf4 exf4 11. Qd2 Bg5 12. Nxg5 Qxg5 13. g3 f5 14. Rh4 O-O 15.
Bb3+ Kh8 16. Qxf4 Qxf4 17. Rxf4 fxe4 18. Rxe4 Rae8 19. Nd2 Bg4 20. Kf1 Rxe4 21.
Nxe4 Bxh5 22. Ng5 Nd8 23. Re1 Re8 24. Ne6 Bg4 25. Nf4 Rxe1+ 26. Kxe1 c6 27. Kd2
g5 28. Nd3 Kg7 29. f4 Be6 30. fxg5 Bxb3 31. axb3 Kg6 32. Ke3 Kxg5 33. Nf2 d5 34.
Kf3 a5 35. Nd3 Nf7 36. b4 a4 37. Nc5 b5 38. Nb7 h5 39. Kf2 Kf6 40. Ke2 Kf5 41.
Na5 Nd6 42. Kd3 Kg4 43. Nxc6 Kxg3 44. Ne7 h4 45. Nxd5 h3 46. Ne3 Nc4 47. Nf1+
Kf2 48. Nh2 Nxb2+ 49. Kc2 Nc4 50. d5 Kg2 51. Ng4 h2 52. Nxh2 Kxh2 0-1

[Event "Aeroflot Open B 2017"]
[Site "Moscow RUS"]
[Date "2017.02.24"]
[Round "4.49"]
[White "Navalgund, Niranjan"]
[Black "Martynyuk, Elizaveta"]
[Result "1/2-1/2"]
[BlackTitle "WFM"]
[WhiteElo "2327"]
[BlackElo "2169"]
[WhiteFideId "5030854"]
[BlackFideId "24128511"]
[EventDate "2017.02.21"]

1. Nf3 d5 2. c4 c6 3. e3 Nf6 4. Nc3 e6 5. d4 Nbd7 6. Qc2 Bd6 7. Bd3 O-O 8. O-O
dxc4 9. Bxc4 b5 10. Be2 Bb7 11. e4 e5 12. dxe5 Nxe5 13. Nh4 b4 14. Nf5 bxc3 15.
Rd1 Ne8 16. Qxc3 Qf6 17. f4 Bc7 18. fxe5 Qxe5 19. Qxe5 Bxe5 20. Rd7 Bc8 21. Ne7+
Kh8 22. Nxc8 Rxc8 23. Be3 Nf6 24. Rxa7 Bxb2 25. Rf1 Ra8 26. Rxa8 Rxa8 27. Bc4
Ra4 28. Bxf7 Rxe4 29. Bb6 g6 30. Rd1 Kg7 31. Bb3 Ba3 32. h3 c5 33. Bc2 Re2 34.
Bb3 Re4 35. Bc2 Re2 36. Bb3 Re4 1/2-1/2

[Event "Aeroflot Open B 2017"]
[Site "Moscow RUS"]
[Date "2017.02.24"]
[Round "4.50"]
[White "Smirnov, Timofey"]
[Black "Spichkin, Alexander"]
[Result "1/2-1/2"]
[WhiteElo "2323"]
[BlackElo "2143"]
[WhiteFideId "24176427"]
[BlackFideId "4144074"]
[EventDate "2017.02.21"]

1. e4 d5 2. exd5 Nf6 3. c4 e6 4. d4 exd5 5. Nc3 Nc6 6. Nf3 Bg4 7. Be3 Bb4 8. Rc1
O-O 9. Be2 dxc4 10. O-O Bxc3 11. bxc3 b5 12. a4 a6 13. Qc2 Qd6 14. Rfd1 Rfe8 15.
Rb1 Rab8 16. axb5 axb5 17. Rb2 h6 18. Rdb1 Qd5 19. Ra1 Bf5 20. Qc1 Ra8 21. Rba2
Rxa2 22. Rxa2 Ne4 23. Bf4 b4 24. cxb4 c3 25. Ra3 Nxd4 26. Nxd4 Qxd4 27. Be3 Qxb4
28. f3 Qb2 29. Bf1 Nd2 30. Qxc3 Qxc3 31. Rxc3 Nb1 32. Rb3 Bc2 33. Rb2 Rxe3 34.
Rxc2 Rc3 35. Rb2 Na3 36. Rb8+ Kh7 37. Kf2 Kg6 38. Ke1 Rc1+ 39. Kf2 Rc3 40. Ke1
Rc1+ 41. Kf2 Nc2 42. Bd3+ Kf6 43. Bxc2 Rxc2+ 44. Kg3 h5 45. h4 g6 46. Re8 c5 47.
Kh3 c4 48. Kg3 c3 49. Re3 Kf5 50. Kh3 f6 51. Kg3 g5 52. hxg5 fxg5 53. Kh3 Rc1
54. Kg3 h4+ 55. Kh2 c2 56. Rc3 Ke5 57. Rc8 Kd4 58. Rd8+ Ke3 59. Re8+ Kf2 60. Rc8
h3 61. gxh3 Re1 62. Rxc2+ Kxf3 63. Rc3+ Kf4 64. Rc4+ Kf5 65. Rc5+ Kg6 66. h4
gxh4 67. Kh3 Re4 68. Rb5 1/2-1/2

[Event "Aeroflot Open B 2017"]
[Site "Moscow RUS"]
[Date "2017.02.24"]
[Round "4.51"]
[White "Zakaryan, David"]
[Black "Peng, Shunkai"]
[Result "1-0"]
[WhiteTitle "FM"]
[BlackTitle "CM"]
[WhiteElo "2320"]
[BlackElo "2137"]
[WhiteFideId "24101923"]
[BlackFideId "8614601"]
[EventDate "2017.02.21"]

1. e4 c5 2. Nf3 Nc6 3. Nc3 g6 4. d4 cxd4 5. Nxd4 Bg7 6. Be3 Nf6 7. Bc4 O-O 8.
Bb3 a5 9. a4 d5 10. exd5 Nb4 11. Ndb5 Bg4 12. f3 Bd7 13. Nd4 Qc7 14. Qe2 Qd6 15.
Ndb5 Bxb5 16. Qxb5 Qe5 17. Kf2 Qf5 18. h3 h5 19. Rac1 Qe5 20. Rhd1 Rfc8 21. Ne2
Rd8 22. Bd4 Qf5 23. Bxf6 Qxf6 24. c3 Na6 25. Nd4 Bh6 26. Rc2 Qd6 27. Re2 Bg5 28.
Kg1 Bf6 29. Nc2 Rac8 30. Ne3 Rc5 31. Qd3 Qb6 32. Ba2 Kg7 33. f4 Rc7 34. Rf1 Nc5
35. Qc2 Na6 36. Kh1 Qd6 37. Bc4 Nc5 38. Bb5 Nd7 39. Bxd7 Qxd7 40. Qe4 b5 41. g4
hxg4 42. hxg4 Rh8+ 43. Kg1 Kg8 44. g5 Bg7 45. f5 Qd6 46. fxg6 fxg6 47. axb5 Rh5
48. Qg4 Qb6 49. Rff2 Qxb5 50. Rh2 Qd7 51. Qxd7 Rxd7 52. Rxh5 gxh5 53. Kg2 Kf7
54. Kf3 Kg6 55. Kf4 Rd8 56. Nf5 e5+ 57. Ke4 Bf8 58. Rg2 Rc8 59. d6 Rd8 60. Kxe5
Re8+ 61. Kf4 Re1 62. Nh4+ Kf7 63. Rd2 Ke8 64. Ng6 Bg7 65. d7+ Kd8 66. Kf5 Rf1+
67. Ke6 a4 68. Kd6 a3 69. bxa3 Bxc3 70. Ne7 Be5+ 71. Ke6 Rc1 72. Kxe5 Re1+ 73.
Kf6 Rxe7 74. g6 Re1 75. g7 Rg1 76. Kf7 Rf1+ 77. Kg6 Rg1+ 78. Kh7 1-0

[Event "Aeroflot Open B 2017"]
[Site "Moscow RUS"]
[Date "2017.02.24"]
[Round "4.53"]
[White "Bogaudinov, Rushan"]
[Black "Savitskiy, Sergey"]
[Result "1-0"]
[BlackTitle "FM"]
[WhiteElo "2241"]
[BlackElo "2415"]
[WhiteFideId "4129288"]
[BlackFideId "24105660"]
[EventDate "2017.02.21"]

1. e4 c5 2. Nc3 e6 3. g3 Nc6 4. Bg2 g6 5. d3 Bg7 6. Be3 d6 7. Qd2 Rb8 8. Nh3 b5
9. a3 Nd4 10. O-O h6 11. f4 Ne7 12. Kh1 f5 13. Nf2 O-O 14. g4 a5 15. Rab1 b4 16.
axb4 axb4 17. Ne2 Nxe2 18. Qxe2 Kh7 19. Bd2 Qc7 20. Nd1 Nc6 21. Ne3 Nd4 22. Qd1
Bd7 23. gxf5 gxf5 24. Qh5 Be8 25. Qh3 Bc6 26. Rf2 Rf7 27. Rg1 Rbf8 28. Qh5 Rf6
29. c3 bxc3 30. bxc3 fxe4 31. dxe4 Nb3 32. f5 Qb7 33. Qh4 exf5 34. exf5 d5 35.
Qh5 d4 36. cxd4 Nxd4 37. Bc3 R8f7 38. Qg4 Qd7 39. Rd2 Rd6 40. Be4 Bxe4+ 41. Qxe4
Re7 42. Qf4 Be5 43. Qg4 Qb7+ 44. Qg2 Bf4 45. f6 Rf7 46. Qxb7 Rxb7 47. Nc4 Rxf6
48. Bxd4 cxd4 49. Rxd4 Bb8 50. Rgd1 Rf2 51. Rd7+ Rxd7 52. Rxd7+ Kg6 53. Rd2 Rf4
54. Ne3 Re4 55. Nf1 h5 56. Ng3 Rb4 57. Kg2 h4 58. Nf1 Rb3 59. h3 Bf4 60. Rc2 Rd3
61. Ra2 Kf5 62. Ra5+ Be5 63. Ra4 Bd4 64. Ra5+ Kf4 65. Ra4 Ke4 66. Rc4 Rb3 67.
Nd2+ Kd3 68. Rxd4+ 1-0

[Event "Aeroflot Open B 2017"]
[Site "Moscow RUS"]
[Date "2017.02.24"]
[Round "4.54"]
[White "Shuvalova, Polina"]
[Black "Lan, Zilun"]
[Result "1/2-1/2"]
[WhiteTitle "WIM"]
[WhiteElo "2387"]
[BlackElo "2350"]
[WhiteFideId "24171760"]
[BlackFideId "8604193"]
[EventDate "2017.02.21"]

1. e4 c5 2. Nf3 d6 3. d4 Nf6 4. Nc3 cxd4 5. Nxd4 a6 6. Be2 e5 7. Nb3 Be7 8. O-O
O-O 9. Be3 Nbd7 10. f3 Qc7 11. a4 Nc5 12. Nxc5 dxc5 13. Bc4 Be6 14. Qe2 Rad8 15.
a5 h6 16. Bxe6 fxe6 17. Qc4 Qc6 18. Na4 Nd7 19. Rfd1 Kf7 20. Rd3 Qc7 21. b4 Rc8
22. Rc3 Rfd8 23. Nxc5 Bxc5 24. bxc5 Nb8 25. f4 Nc6 26. f5 Re8 27. fxe6+ Rxe6 28.
Rd3 Re8 29. Rd6 Qc8 30. Bd2 Kg6 31. Bc3 Nd4 32. Ra4 Nc6 33. Qd5 Kh7 34. Ra1 R6e7
35. h3 Rf8 36. Qd3 Qe8 37. Rf1 Ref7 38. Rxf7 Qxf7 39. Qg3 Qf4 40. Qg6+ Kh8 41.
Rd7 Qf2+ 42. Kh2 Rg8 43. Rxb7 Qf4+ 44. Qg3 Qxe4 45. Rc7 Nd4 46. Bxd4 Qxd4 47. c3
Qd5 48. Qg6 e4 49. Qd6 Rd8 50. Qe7 Rg8 51. Rd7 Qf5 52. Rd1 Rc8 53. c6 Kh7 54.
Re1 Rxc6 55. Qxe4 Qxe4 56. Rxe4 Rc5 1/2-1/2

[Event "Aeroflot Open B 2017"]
[Site "Moscow RUS"]
[Date "2017.02.24"]
[Round "4.55"]
[White "Mu, Ke"]
[Black "Gevorgyan, David Sh."]
[Result "1-0"]
[BlackTitle "IM"]
[WhiteElo "2431"]
[BlackElo "2324"]
[WhiteFideId "8602778"]
[BlackFideId "13303244"]
[EventDate "2017.02.21"]

1. d4 Nf6 2. c4 e6 3. Nf3 b6 4. g3 Bb7 5. Bg2 Be7 6. O-O O-O 7. Nc3 Ne4 8. Bd2
Bf6 9. Be1 Nxc3 10. Bxc3 Be4 11. Rc1 d5 12. cxd5 exd5 13. Qa4 c6 14. Bd2 Re8 15.
Bf4 Bxf3 16. Bxf3 Bg5 17. Bxg5 Qxg5 18. h4 Qf6 19. Rfd1 a5 20. Rc3 Ra7 21. Kg2
Qd8 22. Qc2 Rae7 23. Rc1 Re6 24. Qd2 Qf6 25. h5 Rd6 26. Rb3 Qd8 27. Bg4 Rf6 28.
Rbc3 Re4 29. Bf3 Ree6 30. R3c2 Na6 31. a3 Nc7 32. Qd3 h6 33. Bg4 Re4 34. f3 Rxg4
35. fxg4 Qd7 36. Rf1 Re6 37. Qf5 Qe7 38. e3 Ne8 39. Qf4 Rf6 40. Qe5 Re6 41. Qb8
Rxe3 42. Rf4 Kh7 43. Rxc6 Re2+ 44. Kh3 Qe3 45. Qe5 Qd2 46. Qf5+ Kh8 47. g5 hxg5
48. Rf3 Rh2+ 49. Kg4 Qxd4+ 50. Kxg5 g6 51. Rxg6 Rxh5+ 52. Kxh5 fxg6+ 53. Kxg6
Qg7+ 54. Kh5 Nd6 55. Qf8+ Qxf8 56. Rxf8+ Kg7 57. Rd8 Ne4 58. Kh4 1-0

[Event "Aeroflot Open B 2017"]
[Site "Moscow RUS"]
[Date "2017.02.24"]
[Round "4.56"]
[White "Nogueira, Ivan Kuhlmann"]
[Black "Palachev, Petr"]
[Result "1/2-1/2"]
[WhiteTitle "FM"]
[BlackTitle "FM"]
[WhiteElo "2308"]
[BlackElo "2418"]
[WhiteFideId "2101297"]
[BlackFideId "24129003"]
[EventDate "2017.02.21"]

1. e4 c5 2. Nf3 d6 3. Bb5+ Nd7 4. c3 Nf6 5. Qe2 a6 6. Ba4 b5 7. Bc2 e5 8. d4 Be7
9. Nbd2 O-O 10. dxe5 dxe5 11. Nf1 Bb7 12. Ng3 Re8 13. Nf5 Bf8 14. c4 Qc7 15. O-O
h6 16. Nd2 Nb8 17. Bd3 g6 18. Ne3 Nc6 19. Nd5 Nxd5 20. cxd5 Nd4 21. Qd1 c4 22.
Be2 Bg7 23. Nf3 f5 24. Be3 Nxe2+ 25. Qxe2 fxe4 26. Nd2 Bxd5 27. Rac1 Rac8 28.
Qg4 Qc6 29. Rfe1 Kh7 30. Nb1 b4 31. Nd2 Qb7 32. Nb1 a5 33. h4 Be6 34. Qe2 Red8
35. Bd2 Rd4 36. h5 g5 37. Be3 Rd3 38. Nd2 Qd5 39. Nf1 c3 40. Rc2 Qxa2 41. Bxg5
Qd5 42. Bc1 cxb2 43. Rxb2 b3 44. Ng3 a4 45. Rb1 e3 46. fxe3 e4 47. Qf1 Rf8 48.
Qe2 Be5 49. Nf1 Qd7 50. Ba3 Rf7 51. Rec1 Bg4 52. Qe1 Qf5 53. Rc5 Qe6 54. Qa5 Bb8
55. Qxa4 Ba7 56. Rb5 Bd1 57. Bc5 Rxf1+ 58. Kxf1 Qf5+ 59. Kg1 Bxc5 60. Rxc5 Qxc5
61. Qxe4+ Kh8 62. Qxd3 Bc2 63. Qd8+ Kg7 64. Qd7+ Kf6 65. Rf1+ Ke5 66. Qg7+ Ke4
67. Re1 Kd3 68. Qd7+ Kc3 69. Qg7+ Kd2 70. Qa1 b2 71. Qxb2 Kxe1 72. Qc1+ Ke2 73.
Qf1+ Kd2 74. Qf2+ Kc1 75. Qf4 Qxh5 76. Kf2 Qg6 77. Qd4 Qf5+ 78. Qf4 Qe6 79. Qd4
Kb1 80. Qc3 Qe4 81. Qa3 h5 82. Kg1 Bd1 83. Qc3 Ba4 84. Qd2 Bc6 85. Kh2 Qh4+ 86.
Kg1 Qe4 87. Kh2 h4 88. Kh3 Bd5 89. Qd1+ Ka2 90. Qd2+ Ka3 91. Qc3+ Ka4 92. Qd4+
Kb3 93. Qd1+ Ka3 94. Qa1+ Kb4 95. Qd4+ 1/2-1/2

[Event "Aeroflot Open B 2017"]
[Site "Moscow RUS"]
[Date "2017.02.25"]
[Round "5.1"]
[White "Kazakovskiy, Valeriy"]
[Black "Lintchevski, Daniil"]
[Result "1/2-1/2"]
[WhiteTitle "IM"]
[BlackTitle "GM"]
[WhiteElo "2429"]
[BlackElo "2524"]
[WhiteFideId "13507443"]
[BlackFideId "4171055"]
[EventDate "2017.02.21"]

1. d4 d5 2. c4 dxc4 3. Qa4+ Nc6 4. Nf3 Bg4 5. e3 Bxf3 6. gxf3 e6 7. Nc3 Bb4 8.
Bxc4 Ne7 9. Bd2 O-O 10. O-O-O Nd5 11. Qc2 Kh8 12. Ne4 Bxd2+ 13. Qxd2 Nf6 14. h4
Qe7 15. h5 Rad8 16. Qc3 h6 17. Nc5 b6 18. Nd3 Nb8 19. Nf4 c5 20. Bxe6 1/2-1/2

[Event "Aeroflot Open B 2017"]
[Site "Moscow RUS"]
[Date "2017.02.25"]
[Round "5.2"]
[White "Elistratov, Semen"]
[Black "Lin, Chen"]
[Result "1/2-1/2"]
[WhiteTitle "FM"]
[BlackTitle "GM"]
[WhiteElo "2407"]
[BlackElo "2478"]
[WhiteFideId "24134325"]
[BlackFideId "8602298"]
[EventDate "2017.02.21"]

1. e4 e5 2. Nf3 Nc6 3. Bb5 Nf6 4. O-O Nxe4 5. Re1 Nd6 6. Nxe5 Be7 7. Bf1 Nf5 8.
Nf3 O-O 9. d4 d5 10. c3 Bd6 11. Bd3 h6 12. Nbd2 Qf6 13. Nf1 Be6 14. Qc2 Rae8 15.
Bd2 Nfe7 16. b4 Ng6 17. Ng3 Bg4 18. Rxe8 Rxe8 19. Re1 Rxe1+ 20. Nxe1 Nf4 21.
Bxf4 Bxf4 1/2-1/2

[Event "Aeroflot Open B 2017"]
[Site "Moscow RUS"]
[Date "2017.02.25"]
[Round "5.3"]
[White "Sivuk, Vitaly"]
[Black "Mikaelyan, Arman"]
[Result "1-0"]
[WhiteTitle "GM"]
[BlackTitle "IM"]
[WhiteElo "2520"]
[BlackElo "2442"]
[WhiteFideId "14116502"]
[BlackFideId "13304852"]
[EventDate "2017.02.21"]

1. e4 e5 2. Nf3 Nc6 3. Bc4 Bc5 4. O-O Nf6 5. d3 O-O 6. a4 d6 7. c3 a6 8. h3 h6
9. Re1 Re8 10. Nbd2 Be6 11. Bxe6 Rxe6 12. b4 Ba7 13. Qc2 Ne7 14. Nb3 Ng6 15. Be3
Bxe3 16. Rxe3 b6 17. a5 d5 18. c4 d4 19. Ree1 Nd7 20. g3 Rb8 21. Reb1 b5 22. Rc1
Qe7 23. cxb5 Rxb5 24. Qxc7 Rxb4 25. Nfd2 Rb5 26. Qa7 Ngf8 27. Rc8 Kh7 28. Kg2
Qb4 29. Rc7 Qe7 30. Rac1 h5 31. Nc5 Rxc5 32. R1xc5 h4 33. Nf3 hxg3 34. fxg3 f5
35. h4 fxe4 36. dxe4 Kg8 37. Rd5 Rd6 38. Rxe5 Qf7 39. Rd5 Rxd5 40. exd5 Qxd5 41.
Qxd4 Qa2+ 42. Qd2 Qe6 43. Qc2 Kh8 44. Rc8 Qd5 45. Qd2 Qe4 46. Kf2 Qe6 47. Ng5
Qf6+ 48. Qf4 Qb2+ 49. Kg1 Qa3 50. Ne6 Qa1+ 51. Qf1 Qe5 52. Nxf8 1-0

[Event "Aeroflot Open B 2017"]
[Site "Moscow RUS"]
[Date "2017.02.25"]
[Round "5.4"]
[White "Hayrapetyan, Hovik"]
[Black "Makhmutov, Rail"]
[Result "1/2-1/2"]
[WhiteTitle "GM"]
[BlackTitle "FM"]
[WhiteElo "2514"]
[BlackElo "2437"]
[WhiteFideId "13302639"]
[BlackFideId "4122151"]
[EventDate "2017.02.21"]

1. c4 c6 2. d4 d5 3. Nf3 Nf6 4. Nc3 dxc4 5. a4 Bf5 6. e3 e6 7. Bxc4 Bb4 8. O-O
Nbd7 9. Qe2 Bg6 10. Bd3 Bxd3 11. Qxd3 O-O 12. Qe2 Qe7 13. e4 e5 14. dxe5 Nxe5
15. Nxe5 Qxe5 16. f4 Qa5 17. e5 Nd5 18. Nxd5 Qxd5 19. Rd1 Bc5+ 20. Kh1 Qe6 21.
Be3 Be7 22. Qf2 b6 23. Bd4 g6 24. h3 Rad8 25. Bc3 Rd5 26. Rxd5 cxd5 27. Rd1 Rd8
28. Qf3 d4 29. Rxd4 Rxd4 30. Bxd4 Qc4 31. Qe3 Qxa4 32. e6 Qb5 33. Kh2 Qd5 34.
exf7+ Kxf7 35. Be5 Bd6 36. Bxd6 Qxd6 37. Qb3+ Kf8 38. Qf3 a5 39. b3 Ke7 40. h4
h5 41. g3 Qc5 42. f5 gxf5 43. Qxh5 Qf2+ 1/2-1/2

[Event "Aeroflot Open B 2017"]
[Site "Moscow RUS"]
[Date "2017.02.25"]
[Round "5.6"]
[White "Atabayev, Maksat"]
[Black "Lavrik, Dmitry"]
[Result "1/2-1/2"]
[WhiteTitle "GM"]
[BlackTitle "IM"]
[WhiteElo "2492"]
[BlackElo "2414"]
[WhiteFideId "14001101"]
[BlackFideId "24113190"]
[EventDate "2017.02.21"]

1. e4 e5 2. Nf3 Nc6 3. Bb5 Nf6 4. d3 Bc5 5. O-O Nd4 6. Nxd4 Bxd4 7. c3 Bb6 8.
Na3 c6 9. Ba4 O-O 10. Bg5 h6 11. Bh4 Bc7 12. Bb3 a5 13. Nc4 a4 14. Bc2 d5 15.
exd5 cxd5 16. Ne3 d4 17. Bxf6 Qxf6 18. Nd5 Qd6 19. Nxc7 Qxc7 20. cxd4 a3 21.
bxa3 exd4 22. a4 Bd7 23. Rb1 Bc6 24. Bb3 Qd7 25. Re1 Ra5 26. Rb2 Rfa8 27. h3
Bxa4 28. Bxa4 Rxa4 29. Qf3 Qc6 30. Rxb7 Qxf3 31. gxf3 R8a6 32. Re8+ Kh7 33. Rb2
Rxa2 34. Rxa2 Rxa2 35. Rd8 Ra4 36. Rd6 Kg8 37. f4 Kf8 38. Kg2 Ke7 39. Rd5 Ke6
40. Re5+ Kf6 41. Re4 g6 42. Kf3 Rb4 43. h4 h5 44. Kg3 1/2-1/2